000 00402nam a22001697a 4500
003 OSt
005 20260417113726.0
008 260417b |||||||| |||| 00| 0 eng d
020 _a978-93-6989-176-4
040 _cSBCL
082 _a823
_bMUK-B
100 _aMukundan,M
245 _aThe Bells are Ringing in Haridwar
260 _aIndia
_bHarperCollins
_c2026
300 _a221p.
942 _cBOOK
999 _c137943
_d137943